Traités marquants - Statistiques

Statistiques générales
  • Ce quiz a été pris 27 fois
  • Le résultat moyen est 6 sur 27
Statistiques - réponses
DATE TRAITÉ % Correct
1919: Impose des réparations à l’Allemagne et crée la SDN Traité de Versailles
75%
1763: Met fin à la guerre de Sept Ans ; la France perd la majorité de son empire colonial nord-américain. Traité de Paris
67%
1884:Organise officiellement le partage colonial de l’Afrique par les puissances européennes. Conférence de Berlin
42%
1494: sépare zones de colonisation espagnoles et portugaises. Traité de Tordesillas
42%
1944: Créent le système monétaire international, le FMI et la Banque mondiale. Accords de Bretton Woods
33%
1815: Rétablit un équilibre des puissances en Europe après Napoléon. Congrès de Vienne
33%
1949: Création de l'OTAN Traité de Washington
33%
1713: Réorganise l’Europe et limite la puissance française après la guerre de Succession d'Espagne. Traité d'Utrecht
33%
1925: Garantissent les frontières occidentales de l’Allemagne et apaisent les tensions européennes. Traité de Locarno
25%
1839: garantit la neutralité de la Belgique Traité de Londres
25%
1938: Les puissances européennes laissent Hitler annexer les Sudètes pour éviter une guerre. Accords de Munich
17%
1947: Coordination des partis communistes sous direction soviétique. Komminform
17%
2001: Cadre mondial de lutte contre le terrorisme après le 11 septembre. Résolution 1373
17%
1842: Met fin à la première guerre de l’opium et impose des concessions à la Chine, dont Hong Kong. Traité de Nankin
17%
1955: Alliance militaire des pays communistes et pendant de l’OTAN. Traité de Varsovie
17%
1945: Institue l’ONU et pose les bases du multilatéralisme moderne. Charte de San Francisco
8%
1455: conquête de l'Afrique par le Portugal Romanus Pontifex
8%
1972: Interdit aux deux superpuissances de développer des systèmes de défense anti-missile étendus Traité ABM
8%
1968: Encadre l’accès à l’arme nucléaire et restreint sa diffusion Traité de non prolifération
8%
1905: Met fin à la guerre russo-japonaise, confirmant l’ascension du Japon. (Angleterre) Traité de Portsmouth
8%
1895: La Chine cède Taïwan au Japon après la guerre sino-japonaise. Traité de Shimonoseki
8%
1972: Limite pour la première fois le nombre de missiles nucléaires stratégiques USA–URSS. Traité SALT 1
8%
1493: division entre Espagne et Portugal en Amérique Inter Caetera
0%
1939: Pacte de non-agression entre URSS et Allemagne, avec partage secret de la Pologne. Pacte Molotov-Ribbentrop
0%
1928: Tente d’interdire la guerre comme instrument de politique internationale. Traité de Briand-Kellogg
0%
1854: Contraint le Japon à s’ouvrir au commerce international, fin du sakoku. Traité de Kanagawa
0%
1987: Élimine les missiles nucléaires intermédiaires en Europe. Traité INF
0%
Aucun quiz correspondant
Distribution des résultats
% des personnes avec chaque résultat
Percentile par nombre de réponses
Votre historique - résultats
Vous n’avez pas pris ce quiz